| 000 | 00616nam a22001937a 4500 | ||
|---|---|---|---|
| 003 | OSt | ||
| 005 | 20140310181739.0 | ||
| 008 | 130322t xxu||||| |||| 00| 0 eng d | ||
| 020 | _a0670884855 | ||
| 050 |
_aHM 132 _b.L962 1995 |
||
| 082 |
_aTR 158.1 _bL97 1995 |
||
| 245 |
_aI don't have to make everything all better : _bsix practical principles to empower others to solve their own problems while enriching your relationships / _cGary & Joy Lundberg. |
||
| 260 |
_aNew York, NY _bPenguin _cc1995 |
||
| 300 |
_a302 p. ; _c21 cm. |
||
| 521 | _aFaculty | ||
| 541 | _j1 | ||
| 562 | _e1 | ||
| 942 |
_2lcc _cBK-TR _kTR |
||
| 999 |
_c2680 _d2680 |
||